| 000 | 00447nam a2200181Ia 4500 | ||
|---|---|---|---|
| 008 | 180921t1984 xxu||||| |||| 00| 0 sin d | ||
| 041 | _asin | ||
| 080 |
_a61(x) _bSAT |
||
| 100 | _aKing of Buvanekaba, VII | ||
| 245 | _aවිෂ වෙද පොත | ||
| 246 | _aVisha veda poth | ||
| 260 |
_b _c1984 |
||
| 300 | _a8p., 23 cm | ||
| 650 |
_aToxicology _aAyurveda |
||
| 942 | _cBK | ||
| 999 |
_c17992 _d17992 |
||
| 003 | LK-CoDNM | ||
| 040 |
_aLK-CoDNM _dLK-CoDNM _eLK-CoDNM |
||